Get the Picture: Board Game Locations Quiz Stats

 Plays Quiz Updated Jun 19, 2019

Score 0/15 Timer 03:00
3 Plays Today
Question Answer Wrong Answers
Boardwalk Monopoly
96.1%
Risk
0.5%
Ticket To Ride
1%
Vermont Avenue Monopoly
95.4%
Risk
0.5%
Ticket To Ride
1.4%
St. James Place Monopoly
94%
Risk
0.6%
Ticket To Ride
2.9%
East Africa Risk
93.5%
Monopoly
0.7%
Ticket To Ride
3.6%
Marvin Gardens Monopoly
92.9%
Risk
0.6%
Ticket To Ride
4%
Western Australia Risk
92.7%
Monopoly
0.6%
Ticket To Ride
4.4%
Iceland Risk
91.4%
Monopoly
0.7%
Ticket To Ride
5.3%
New Orleans Ticket To Ride
89%
Monopoly
4.8%
Risk
3.9%
Duluth Ticket To Ride
88.6%
Monopoly
1.9%
Risk
6.9%
Siam Risk
86.3%
Monopoly
0.8%
Ticket To Ride
10.3%
Sault St. Marie Ticket To Ride
86.3%
Monopoly
5.6%
Risk
5.9%
Washington D.C. Ticket To Ride
85.8%
Monopoly
4.3%
Risk
7.3%
Short Line Monopoly
83.3%
Risk
1.3%
Ticket To Ride
13.1%
Calgary Ticket To Ride
75.9%
Monopoly
1%
Risk
20.8%
Alaska Risk
67.4%
Monopoly
1.1%
Ticket To Ride
29.2%

Today's Daily Dose

You're not logged in!

Compare scores with friends on all Sporcle quizzes.
OR
Log In

Sporcle TV

Today on Sporcle TV


Watch our educational content, quiz creation guides, and fun videos on Sporcle TV.

Show Comments

Extras

Top Quizzes Today


Score Distribution

Your Account Isn't Verified!

In order to create a playlist on Sporcle, you need to verify the email address you used during registration. Go to your Sporcle Settings to finish the process.

Report this User

Report this user for behavior that violates our Community Guidelines.

Details: